1960 1740 1168 1786 1589 1423 1695 1121 1273 1927 1385 1782 1860 1681 1244 1180 1526 1690 1807 1054 1248 1732 1468 1117 1219 1888 1573 1606 1654 1798 1596 1102 1899 1818 1267 1099 1349 1458 1685 1559 1619 1507 1116 1624 1399 1668 1400 1118 1561 1003 1808 1344 1936 1975 1377 1524 1980 1188 1143 1866 1235 1539 1304 1935 1593 1694 1042 1558 1841 1598 1065 1214 1152 1141 1216 1839 1541 1087 1034 1711 1961 1029 1442 1981 1119 1500 1701 1230 1118 1149 1378 1786 1365 1765 1896 1028 1879 1860 1645 BCNSPRNW ULIB Ver.6.0+V

เปลี่ยนเป็นภาษาไทย

Change to English
 แสดงรายละเอียดบรรณานุกรม
  กลับหน้าหลัก

Brief Record : Get Marc (ISO 2709) : E-mail record : QR code < ปิดหน้าต่าง
LEADER : 00000nam 2200000uu 4500
001    13399121991
003     ULIB
008    121218s2553||||th 000 0 tha d
020    ^a9786169027935
060  4 ^aWL100^bอ591ก
100 0  ^aอาคม อายาวิชานนท์
245 00 ^aการตรวจวินิจฉัยโรคระบบประสาท=^bApproach to neurological disorders/^cบรรณาธิการ:อาคม อายาวิชานนท์
246 0  ^aApproach to neurological disorders
250    ^aพิมพ์ครั้งที่ 1
260    ^aอุบลราชธานี:^bศิริธรรมออฟเซ็ท,^c2553
300    ^a247 หน้า
650  7 ^aการตรวจโรคระบบประสาท
650  7 ^aโรคระบบประสาท
650  7 ^aวินิจฉัย
650  7 ^aอาคม อายาวิชานนท์
945    ^p350^l0^i16831
945    ^p350^l0^i16832
945    ^p350^l0^i16833
995    ^aทศพร
999    ^aทศพร เกษรทอง
รายการนี้ยังไม่มีแท็ก
คุณยังไม่ได้ล็อกอิน คุณสามารถมีกิจกรรมร่วมกับเว็บไซต์ได้ แต่ต้องล็อกอินก่อน ::
  ล็อกอิน

รายการสื่อสารสนเทศ

ลำดับที่ ประเภท เลขเรียก/บาร์โค้ด สถานที่ สถานะ
1. วิทยาศาสตร์การแพทย์ และสุขภาพ
วิทยาศาสตร์การแพทย์ และสุขภาพ
สถานะ=หนังสือเก่า
WL100 อ591ก ฉ.1 
  Barcode: 16831
ห้องสมุดวิทยาเขตนครสวรรค์
►ส่วนจัดเก็บหนังสือเก่า นว.
บนชั้น
  ขอยืม
2. วิทยาศาสตร์การแพทย์ และสุขภาพ
วิทยาศาสตร์การแพทย์ และสุขภาพ
สถานะ=หนังสือเก่า
WL100 อ591ก ฉ.2 
  Barcode: 16832
ห้องสมุดวิทยาเขตนครสวรรค์
►ส่วนจัดเก็บหนังสือเก่า นว.
บนชั้น
  ขอยืม
3. วิทยาศาสตร์การแพทย์ และสุขภาพ
วิทยาศาสตร์การแพทย์ และสุขภาพ
สถานะ=หนังสือเก่า
WL100 อ591ก ฉ.3 
  Barcode: 16833
ห้องสมุดวิทยาเขตนครสวรรค์
►ส่วนจัดเก็บหนังสือเก่า นว.
บนชั้น
  ขอยืม

รายการใกล้เคียง
    ผู้แต่ง [อาคม อายาวิชานนท์]

    หัวเรื่อง [การตรวจโรคระบบประสาท]
    หัวเรื่อง [โรคระบบประสาท]
    หัวเรื่อง [วินิจฉัย]
    หัวเรื่อง [อาคม อายาวิชานนท์]

BibComment


ยังไม่เคยถูกคอมเมนท์

คอมเมนท์ทรัพยากรรายการนี้
  คอมเมนท์: การตรวจวินิจฉัยโ..


 Copyright 2026. Bcnsprnw @Library